El concepto de porteador efectivo en el derecho uniforme del transporte

Detalles Bibliográficos
Autor principal: Pulido Begines, Juan Luis
Formato: eBook
Lenguaje:español
Publicado: Madrid: Marcial Pons, 2012
Materias:
Acceso en línea:Acceso restringido

MARC

LEADER 00000nam a22000007a 4500
005 20220322202042.0
007 cr|||| ||||
008 220322s2012 ea |||||s|||| 00||0 spa d
020 |a 978-84-9123-836-2 
035 |a 33565 
040 |a vLex 
090 |c 13069  |d 13069 
100 1 |a Pulido Begines, Juan Luis 
245 1 2 |a  El concepto de porteador efectivo en el derecho uniforme del transporte  |h [Recurso electrn̤ico] /  |c Juan Luis Pulido Begines 
256 |a Servicio en ln̕ea 
260 |a Madrid:  |b Marcial Pons,  |c 2012 
300 |a 1 recurso electrn̤ico 
506 1 |a Disponible solo en los productos indicados  |d vLex Global  |d vLex Global (Academic Edition, excluding Law Schools)  |d vLex Global (U.S. Academic Edition, Law Schools)  |d vLex Global (U.S. Academic Edition, excluding Law Schools)  |d vLex Global (Academic Edition, Law Schools) 
650 0 4 |a Derecho Internacional  |z Espaą 
650 0 4 |a Derecho Constitucional  |z Espaą 
740 0 |a vLex Libros (Servicio en ln̕ea) 
856 4 0 |u https://app.vlex.com/#/sources/33565  |z Acceso restringido 
942 |c BOOK 
999 0 |a International Law 
999 0 |a Constitutional Law